Political Families - Statistics

General Stats
  • This quiz has been taken 103 times
  • The average score is 8 of 10
Answer Stats
Hint Answer % Correct
John, Robert, Ted, Robert Jr., John Jr. Kennedy
100%
Theodore, Eleanor, Franklin Roosevelt
97%
John, John Quincy Adams
93%
Il Sung, Jong Il, Jong Un Kim
91%
Pierre, Justin Trudeau
84%
Randolph, Winston, Nicholas Churchill
82%
Stanley, Boris, Jo Johnson
82%
Benjamin, William Henry Harrison
74%
Jawaharlal, Indira, Rajiv Gandhi
73%
Ferdinand, Imelda, Bongbong Marcos
62%
No matching quizzes found
Score Distribution
Percent of People with Each Score
Percentile by Number Answered
Your Score History
You have not taken this quiz